|
|
|
|
| LEADER |
00826nam a2200265 4500 |
| 001 |
DLU120140247 |
| 005 |
##20120828 |
| 040 |
# |
# |
|a DLU
|b vie
|
| 041 |
# |
# |
|a vie
|
| 044 |
# |
# |
|a vn
|
| 100 |
# |
# |
|a Nguyễn Thị Thanh Hương,
|c ThS.
|
| 245 |
# |
# |
|a Ứng dụng phương pháp "Bàn tay nặn bột" vào dạy học một số bài khoa học lớp 4,5 /
|c Nguyễn Thị Thanh Hương.
|
| 653 |
# |
# |
|a Biểu tượng
|
| 653 |
# |
# |
|a Hiện tượng
|
| 653 |
# |
# |
|a Suy đoán
|
| 773 |
# |
# |
|t Tạp chí Giáo dục
|g Số 11(249), 2010, tr. 32-33
|
| 920 |
# |
# |
|a Phòng Tạp chí -- Trung tâm Thông tin - Thư viện Trường Đại học Đà Lạt
|
| 994 |
# |
# |
|a DLU
|
| 900 |
# |
# |
|a True
|
| 911 |
# |
# |
|a Nguyễn Thị Linh Chi
|
| 925 |
# |
# |
|a G
|
| 926 |
# |
# |
|a A
|
| 927 |
# |
# |
|a BB
|
| 980 |
# |
# |
|a Thư viện Trường Đại học Đà Lạt
|